|
|
|
|
| LEADER |
00000cas a2200000 a 4500 |
| 001 |
vtls008701687 |
| 003 |
SK-MaSNL |
| 005 |
20260228155851.0 |
| 008 |
060518c20009999xo fr p h 0 b0slo |
| 022 |
|
|
|a 1335-7689
|
| 035 |
|
|
|a (SVKBB03)vtls000062311
|
| 040 |
|
|
|a SVKPO
|b slo
|c SVKPO
|d SVKBB
|d SNK
|e AACR2
|
| 041 |
0 |
|
|a slo
|a cze
|
| 044 |
|
|
|a xo
|c SK
|
| 072 |
|
7 |
|a 582
|x Systematická botanika
|2 konspekt
|
| 080 |
|
|
|a 582.28
|2 22011
|
| 080 |
|
|
|a 050
|2 2011
|
| 080 |
|
|
|a (055)
|2 2011
|
| 210 |
0 |
|
|a Sprav.
|b (Slov. mykol. spol.)
|
| 222 |
|
0 |
|a Spravodajca
|b (Slovenská mykologická spoločnosť)
|
| 245 |
0 |
0 |
|a Spravodajca Slovenskej mykologickej spoločnosti
|
| 260 |
|
|
|a Bratislava
|b Slovenská mykologická spoločnosť
|c 2000-
|
| 300 |
|
|
|a zv.
|c 21 cm
|
| 310 |
|
|
|a 2x ročne
|
| 362 |
|
|
|a Č. 24 (okt. 2000)-
|
| 500 |
|
|
|a Má priebežne číslovanie
|
| 500 |
|
|
|a Zostavili: 24/2000-35/2007, Pavel Lizoň ; 41/2015- , Ivona Kautmanová a Ján Červenka
|
| 500 |
|
|
|a Registrované: 956/94
|
| 500 |
|
|
|a Podnázov v tiráži: informačný bulletin
|
| 504 |
|
|
|a Č. 29 obsahuje len slovník hesiel z mykológie ; č. 31 obsahuje zozn. vyd. čísiel, obsah , aut. reg., reg. mien húb
|
| 546 |
|
|
|a Čiastočný text český
|
| 650 |
0 |
7 |
|a mykológia
|2 SNKPH
|9 20345
|
| 655 |
|
7 |
|a bulletiny
|2 SNKPH
|9 70453
|
| 700 |
1 |
|
|a Lizoň, Pavel,
|d 1945-
|4 com
|9 115767
|
| 700 |
1 |
|
|a Kautmanová, Ivona,
|d 1961-
|4 com
|9 104882
|
| 700 |
1 |
|
|a Červenka, Ján
|4 com
|9 206698
|
| 710 |
2 |
|
|a Slovenská mykologická spoločnosť
|4 pbl
|9 74636
|
| 780 |
0 |
0 |
|t Spravodajca slovenských mykológov
|w vtls008955073
|
| 850 |
|
|
|a Štátna vedecká knižnica v Prešove
|
| 910 |
|
|
|a snk
|
| 999 |
|
|
|c 773
|d 773
|
| 952 |
|
|
|0 0
|1 0
|4 0
|7 0
|8 0
|a SNK
|b SNK
|d 2025-03-21
|i snk2025/5145
|l 0
|o snkČSC 3895/2020
|p 17A1555967
|r 2026-02-21 19:49:54
|t č. 52
|w 2026-02-21
|y PREZ
|
| 952 |
|
|
|0 0
|1 0
|4 0
|7 0
|8 0
|a SNK
|b SNK
|d 2025-03-21
|i snk2025/5148
|l 0
|o snkČSC 3895/2021
|p 17A1555968
|r 2026-02-21 19:49:54
|t č. 53
|w 2026-02-21
|y PREZ
|
| 952 |
|
|
|0 0
|1 0
|4 0
|7 0
|8 0
|a SNK
|b SNK
|d 2025-03-21
|i snk2025/5151
|l 0
|o snkČSC 3895/2022
|p 17A1555969
|r 2026-02-21 19:49:54
|t č. 54-55
|w 2026-02-21
|y PREZ
|
| 952 |
|
|
|0 0
|1 0
|4 0
|7 0
|8 0
|a SNK
|b SNK
|d 2025-03-21
|i snk2025/5155
|l 0
|o snkČSC 3895/2023
|p 17A1555970
|r 2026-02-21 19:49:54
|t č. 56
|w 2026-02-21
|y PREZ
|
| 952 |
|
|
|0 0
|1 0
|4 0
|7 0
|8 0
|a SNK
|b SNK
|d 2025-03-21
|i snk2025/5156
|l 0
|o snkČSC 3895/2024
|p 17A1555971
|r 2026-02-21 19:49:54
|t č. 57-58
|w 2026-02-21
|y PREZ
|
| 952 |
|
|
|0 0
|1 0
|4 0
|7 0
|8 0
|a SNK
|b SNK
|d 2025-03-21
|i snk2025/5157
|l 0
|o snkČSC 3895/2008
|p 17A1555972
|r 2026-02-21 19:49:54
|t č. 37
|w 2026-02-21
|y PREZ
|
| 952 |
|
|
|0 0
|1 0
|4 0
|7 0
|8 0
|a SNK
|b SNK
|d 2025-03-21
|i snk2025/5159
|l 0
|o snkČSC 3895/2011
|p 17A1555973
|r 2026-02-21 19:49:55
|t č. 38-39
|w 2026-02-21
|y PREZ
|
| 952 |
|
|
|0 0
|1 0
|4 0
|7 0
|8 0
|a SNK
|b SNK
|d 2025-03-21
|i snk2025/5160
|l 0
|o snkČSC 3895/2012
|p 17A1555974
|r 2026-02-21 19:49:55
|t č. 40
|w 2026-02-21
|y PREZ
|
| 952 |
|
|
|0 0
|1 0
|4 0
|7 0
|8 0
|a SNK
|b SNK
|d 2024-07-18
|i snk2024/11538
|l 0
|o snkČSC 3895/2015
|p 17A1463143
|r 2026-02-21 20:00:42
|t č. 41-42
|w 2026-02-21
|y PREZ
|z Číslo 41 obsahuje abstrakty referátov a súhrn posterov zo 4. česko-slovenskej vedeckej mykologickej konferencie, 7.-9 september 2015, Technická univerzita vo Zvolene
|
| 952 |
|
|
|0 0
|1 0
|4 0
|7 0
|8 0
|a SNK
|b SNK
|d 2024-07-18
|i snk2024/11542
|l 0
|o snkČSC 3895/2015 D1
|p 17A1463144
|r 2026-02-21 20:00:42
|t č. 41-42
|w 2026-02-21
|y PREZ
|z Číslo 41 obsahuje abstrakty referátov a súhrn posterov zo 4. česko-slovenskej vedeckej mykologickej konferencie, 7.-9 september 2015, Technická univerzita vo Zvolene
|
| 952 |
|
|
|0 0
|1 0
|4 0
|7 0
|8 0
|a SNK
|b SNK
|d 2024-07-18
|i snk2024/11543
|l 0
|o snkČSC 3895/2016
|p 17A1463146
|r 2026-02-21 20:00:42
|t č. 43-45
|w 2026-02-21
|y PREZ
|
| 952 |
|
|
|0 0
|1 0
|4 0
|7 0
|8 0
|a SNK
|b SNK
|d 2024-07-18
|i snk2024/11546
|l 0
|o snkČSC 3895/2016 D1
|p 17A1463147
|r 2026-02-21 20:00:42
|t č. 43-45
|w 2026-02-21
|y PREZ
|
| 952 |
|
|
|0 0
|1 0
|4 0
|7 0
|8 0
|a SNK
|b SNK
|d 2024-07-18
|i snk2024/11552
|l 0
|o snkČSC 3895/2017
|p 17A1463148
|r 2026-02-21 20:00:42
|t č. 46-47
|w 2026-02-21
|y PREZ
|
| 952 |
|
|
|0 0
|1 0
|4 0
|7 0
|8 0
|a SNK
|b SNK
|d 2024-07-18
|i snk2024/11553
|l 0
|o snkČSC 3895/2017 D1
|p 17A1463149
|r 2026-02-21 20:00:42
|t č. 46-47
|w 2026-02-21
|y PREZ
|
| 952 |
|
|
|0 0
|1 0
|4 0
|7 0
|8 0
|a SNK
|b SNK
|d 2024-07-18
|i snk2024/11558
|l 0
|o snkČSC 3895/2018
|p 17A1463150
|r 2026-02-21 20:00:42
|t č. 48-49
|w 2026-02-21
|y PREZ
|
| 952 |
|
|
|0 0
|1 0
|4 0
|7 0
|8 0
|a SNK
|b SNK
|d 2024-07-18
|i snk2024/11559
|l 0
|o snkČSC 3895/2018 D1
|p 17A1463151
|r 2026-02-21 20:00:43
|t č. 48-49
|w 2026-02-21
|y PREZ
|
| 952 |
|
|
|0 0
|1 0
|4 0
|7 0
|8 0
|a SNK
|b SNK
|d 2024-07-18
|i snk2024/11563
|l 0
|o snkČSC 3895/2019
|p 17A1463152
|r 2026-02-21 20:00:49
|t č. 50-51
|w 2026-02-21
|y PREZ
|
| 952 |
|
|
|0 0
|1 0
|4 0
|7 0
|8 0
|a SNK
|b SNK
|d 2024-07-18
|i snk2024/11565
|l 0
|o snkČSC 3895/2019 D1
|p 17A1463153
|r 2026-02-21 20:00:49
|t č. 50-51
|w 2026-02-21
|y PREZ
|
| 952 |
|
|
|0 0
|1 0
|4 0
|7 0
|8 0
|a SNK
|b SNK
|d 2018-11-12
|i snk2018/23556
|l 0
|o snkČSC 3895/2000
|p 17A1340204
|r 2026-02-21 21:57:44
|t č. 24
|w 2026-02-21
|y PREZ
|
| 952 |
|
|
|0 0
|1 0
|4 0
|7 0
|8 0
|a SNK
|b SNK
|d 2018-11-12
|i snk2018/23574
|l 0
|o snkČSC 3895/2000 D1
|p 17A1340203
|r 2026-02-21 21:57:46
|t č. 24
|w 2026-02-21
|y PREZ
|
| 952 |
|
|
|0 0
|1 0
|4 0
|7 0
|8 0
|a SNK
|b SNK
|d 2018-11-12
|i snk2018/23576
|l 0
|o snkČSC 3895/2001
|p 17A1340202
|r 2026-02-21 21:57:46
|t č. 25-26
|w 2026-02-21
|y PREZ
|
| 952 |
|
|
|0 0
|1 0
|4 0
|7 0
|8 0
|a SNK
|b SNK
|d 2018-11-12
|i snk2018/23578
|l 0
|o snkČSC 3895/2001 D1
|p 17A1340201
|r 2026-02-21 21:57:46
|t č. 25-26
|w 2026-02-21
|y PREZ
|
| 952 |
|
|
|0 0
|1 0
|4 0
|7 0
|8 0
|a SNK
|b SNK
|d 2018-11-12
|i snk2018/23581
|l 0
|o snkČSC 3895/2002
|p 17A1340198
|r 2026-02-21 21:58:34
|t č. 27
|w 2026-02-21
|y PREZ
|
| 952 |
|
|
|0 0
|1 0
|4 0
|7 0
|8 0
|a SNK
|b SNK
|d 2018-11-12
|i snk2018/23582
|l 0
|o snkČSC 3895/2002 D1
|p 17A1340199
|r 2026-02-21 21:58:34
|t č. 27
|w 2026-02-21
|y PREZ
|
| 952 |
|
|
|0 0
|1 0
|4 0
|7 0
|8 0
|a SNK
|b SNK
|d 2018-11-12
|i snk2018/23584
|l 0
|o snkČSC 3895/2003
|p 17A1077750
|r 2026-02-21 21:58:35
|t č. 28-29, neúplné
|w 2026-02-21
|y PREZ
|z Chýba č. 29
|
| 952 |
|
|
|0 0
|1 0
|4 0
|7 0
|8 0
|a SNK
|b SNK
|d 2018-11-13
|i snk2018/23641
|l 0
|o snkČSC 3895/2005 D1
|p 17A1340191
|r 2026-02-21 22:05:53
|t č. 32
|w 2026-02-21
|y PREZ
|
| 952 |
|
|
|0 0
|1 0
|4 0
|7 0
|8 0
|a SNK
|b SNK
|d 2018-11-13
|i snk2018/23643
|l 0
|o snkČSC 3895/2006
|p 17A1340190
|r 2026-02-21 22:05:53
|t č. 33-34
|w 2026-02-21
|y PREZ
|
| 952 |
|
|
|0 0
|1 0
|4 0
|7 0
|8 0
|a SNK
|b SNK
|d 2018-11-13
|i snk2018/23647
|l 0
|o snkČSC 3895/2006 D1
|p 17A1340189
|r 2026-02-21 22:05:53
|t č. 33-34
|w 2026-02-21
|y PREZ
|
| 952 |
|
|
|0 0
|1 0
|4 0
|7 0
|8 0
|a SNK
|b SNK
|d 2018-11-13
|i snk2018/23649
|l 0
|o snkČSC 3895/2007
|p 17A1340188
|r 2026-02-21 22:05:53
|t č. 35-36
|w 2026-02-21
|y PREZ
|
| 952 |
|
|
|0 0
|1 0
|4 0
|7 0
|8 0
|a SNK
|b SNK
|d 2018-11-13
|i snk2018/23651
|l 0
|o snkČSC 3895/2007 D1
|p 17A1340187
|r 2026-02-21 22:05:53
|t č. 35-36, neúplné
|w 2026-02-21
|y PREZ
|z Chýba č. 36
|
| 952 |
|
|
|0 0
|1 0
|4 0
|7 0
|8 0
|a SNK
|b SNK
|d 2018-11-13
|i snk2018/23635
|l 0
|o snkČSC 3895/2004
|p 17A1340194
|r 2026-02-21 22:05:54
|t č. 30-31
|w 2026-02-21
|y PREZ
|
| 952 |
|
|
|0 0
|1 0
|4 0
|7 0
|8 0
|a SNK
|b SNK
|d 2018-11-13
|i snk2018/23636
|l 0
|o snkČSC 3895/2004 D1
|p 17A1340193
|r 2026-02-21 22:05:54
|t č. 30-31
|w 2026-02-21
|y PREZ
|
| 952 |
|
|
|0 0
|1 0
|4 0
|7 0
|8 0
|a SNK
|b SNK
|d 2018-11-13
|i snk2018/23637
|l 0
|o snkČSC 3895/2005
|p 17A1340192
|r 2026-02-21 22:05:54
|t č. 32
|w 2026-02-21
|y PREZ
|
| 952 |
|
|
|0 0
|1 0
|4 0
|7 0
|8 0
|a SNK
|b SNK
|d 2018-11-12
|i snk2018/23589
|l 0
|o snkČSC 3895/2003 D1
|p 17A1340197
|r 2026-02-21 22:05:56
|t č. 28-29, neúplné
|w 2026-02-21
|y PREZ
|z Chýba č. 29
|